书目信息 |
| 题名: |
金牌员工的22个生存法则
|
|
| 作者: | 孙建雷 编著 | |
| 分册: | ||
| 出版信息: | 北京 中国商业出版社 2006.04 |
|
| 页数: | 275页 | |
| 开本: | 21cm | |
| 丛书名: | ||
| 单 册: | ||
| 中图分类: | F272.92 | |
| 科图分类: | ||
| 主题词: | 企业--qi ye--职工--工作方法 | |
| 电子资源: | ||
| ISBN: | 7-5044-5593-8 | |
| 000 | 00793nam0 2200229 450 | |
| 001 | 012007143078 | |
| 005 | 20070929085440.01 | |
| 010 | @a7-5044-5593-8@dCNY26.80 | |
| 100 | @a20070725d2006 km y0chiy0120 ea | |
| 101 | 0 | @achi |
| 102 | @aCN@b110000 | |
| 105 | @ay z 000yy | |
| 200 | 1 | @a金牌员工的22个生存法则@Ajin pai yuan gong de 22 ge sheng cun fa ze |
| 210 | @a北京@c中国商业出版社@d2006.04 | |
| 215 | @a275页@d21cm | |
| 314 | @a责任者取自封面。 | |
| 330 | @a本书针对大家在职场上、工作中遇到的方方面面的问题,从不同角度提出最为有效、也最切合实际的解决方法,凝炼为22条生存法则,教你如何在职场中稳稳立足,在竞争中脱颖而出。 | |
| 606 | 0 | @a企业@Aqi ye@x职工@x工作方法 |
| 690 | @aF272.92@v4 | |
| 701 | 0 | @a孙建雷@Asun jian lei@4编著 |
| 801 | 0 | @aCN@c20070929 |
| 905 | @dF272.92@eS923 | |
| 金牌员工的22个生存法则.-北京:中国商业出版社,2006.04 |
| 275页;21cm |
| ISBN 7-5044-5593-8:CNY26.80 |
| 本书针对大家在职场上、工作中遇到的方方面面的问题,从不同角度提出最为有效、也最切合实际的解决方法,凝炼为22条生存法则,教你如何在职场中稳稳立足,在竞争中脱颖而出。 |
| ● |
| 相关链接 |
|
|
|
正题名:金牌员工的22个生存法则
索取号:F272.92/S923
 
预约/预借
| 序号 | 登录号 | 条形码 | 馆藏地/架位号 | 状态 | 备注 |
| 1 | 248409 | 202484098 | 社科库409/409社科库 40排6列5层/ [索取号:F272.92/S923] | 在馆 | |
| 2 | 248410 | 202484105 | 社科二线422/409社科库 40排6列5层/ [索取号:F272.92/S923] | 在馆 | |
| 3 | 248411 | 202484114 | 社科二线422/409社科库 40排6列5层/ [索取号:F272.92/S923] | 在馆 |